A novel dual buck and boost transformer-less single-phase grid-tied inverter / (Record no. 19016)
[ view plain ]
| 000 -LEADER | |
|---|---|
| fixed length control field | 01071nam a22002417a 4500 |
| 003 - CONTROL NUMBER IDENTIFIER | |
| control field | OSt |
| 005 - DATE AND TIME OF LATEST TRANSACTION | |
| control field | 20250911175345.0 |
| 008 - FIXED-LENGTH DATA ELEMENTS--GENERAL INFORMATION | |
| fixed length control field | 240208b ||||| |||| 00| 0 eng d |
| 040 ## - CATALOGING SOURCE | |
| Transcribing agency | 0 |
| 082 ## - DEWEY DECIMAL CLASSIFICATION NUMBER | |
| Classification number | DPer 621.381 In821 April 2022 v. 37 n. 4 |
| 100 ## - MAIN ENTRY--PERSONAL NAME | |
| Personal name | Wang, Houqing. |
| Relator term | author. |
| 9 (RLIN) | 51938 |
| 245 ## - TITLE STATEMENT | |
| Title | A novel dual buck and boost transformer-less single-phase grid-tied inverter / |
| Statement of responsibility, etc. | Houqing Wang, Weimin Wu, Jihong Zhu, Eftichios Koutroulis, Henry Shu-Hung Chung, and, Frede Blaabjerg. |
| 260 ## - PUBLICATION, DISTRIBUTION, ETC. (IMPRINT) | |
| Place of publication, distribution, etc. | New York ; |
| Name of publisher, distributor, etc. | The Institute of Electrical and Electronics Engineers, Inc. , |
| Date of publication, distribution, etc. | April 2022. |
| 300 ## - PHYSICAL DESCRIPTION | |
| Extent | Volume 37, pages 4211-4224 : |
| Other physical details | illustration ; |
| Dimensions | 28 cm. |
| 500 ## - GENERAL NOTE | |
| General note | IEEE Transaction on Power Electronics, vol. 37, no. 4, pages 4211-4224, April 2022. |
| 700 ## - ADDED ENTRY--PERSONAL NAME | |
| Personal name | Wang, Houqing. |
| Relator term | author. |
| 9 (RLIN) | 51938 |
| 700 ## - ADDED ENTRY--PERSONAL NAME | |
| Personal name | Wu, Weimin. |
| Relator term | author. |
| 9 (RLIN) | 51939 |
| 700 ## - ADDED ENTRY--PERSONAL NAME | |
| Personal name | Zhu, Jihong. |
| Relator term | author. |
| 9 (RLIN) | 51940 |
| 700 ## - ADDED ENTRY--PERSONAL NAME | |
| Personal name | Koutroulis, Eftichios. |
| Relator term | author. |
| 9 (RLIN) | 51941 |
| 700 ## - ADDED ENTRY--PERSONAL NAME | |
| Personal name | Chung, Henry Shu-Hung. |
| Relator term | author. |
| 9 (RLIN) | 51942 |
| 700 ## - ADDED ENTRY--PERSONAL NAME | |
| Personal name | Blaabjerg, Frede. |
| Relator term | author. |
| 9 (RLIN) | 51943 |
| 942 ## - ADDED ENTRY ELEMENTS (KOHA) | |
| Source of classification or shelving scheme | Dewey Decimal Classification |
| Koha item type | Periodicals |
| Withdrawn status | Lost status | Source of classification or shelving scheme | Damaged status | Not for loan | Collection code | Home library | Current library | Date acquired | Total Checkouts | Full call number | Date last seen | Price effective from | Koha item type | Public note |
|---|---|---|---|---|---|---|---|---|---|---|---|---|---|---|
| Dewey Decimal Classification | Periodicals | UM Digos College - LIC | UM Digos College - LIC | 02/08/2024 | DPer 621.381 In821 April 2022 v. 37 n. 4 | 02/08/2024 | 02/08/2024 | Periodicals | Periodical Article |
